| 000 | 00541 am a2200193 a 4500 | ||
|---|---|---|---|
| 000 | BKB | ||
| 001 | 153366 | ||
| 005 | 20200902161050.0 | ||
| 008 | 27 ### | ||
| 020 | _a9788126511914 | ||
| 082 |
_a515.7 _bK88I |
||
| 100 | 1 | _aKreyszig Erwin | |
| 245 | 1 |
_aIntroductory functional analysis with applications _cby Erwin Kreyszig |
|
| 260 |
_aDelhi _bWiley India _c2015 |
||
| 300 | _axiv, 688p. | ||
| 630 | _aMathematics | ||
| 690 | _aFunctional analysis; Mathematics | ||
| 964 |
_a _bENG _c _d _e _f _g |
||
| 999 |
_c16009 _d16009 |
||